Σχεδιασμός και ανάπτυξη εκπαιδευτικής εφαρμογής γεωαναζήτησης σε περιβάλλον έξυπνων κινητών συσκευών : μεταπτυχιακή διατριβή
Η χρήση του Παγκόσμιου Συστήματος Εντοπισμού Θέσης είχε ως αποτέλεσμα την επίδειξη ιδιαίτερου ενδιαφέροντος από τους μαθητές και την υιοθέτηση πιο εύκολα μεθόδων εξερεύνησης και προστασίας του Περιβάλλοντος. Στην παρούσα μεταπτυχιακή διατριβή αναπτύχθηκε ένα ανοικτό – δυναμικό εκπαιδευτικό παιχνίδι...
Αποθηκεύτηκε σε:
| Κύριος συγγραφέας: | |
|---|---|
| Συγγραφή απο Οργανισμό/Αρχή: | |
| Μορφή: | Thesis Βιβλίο |
| Γλώσσα: | Greek |
| Δημοσίευση: |
2014.
|
| Θέματα: | |
| Διαθέσιμο Online: | http://hdl.handle.net/11610/11237 |
| Ετικέτες: |
Προσθήκη ετικέτας
Δεν υπάρχουν, Καταχωρήστε ετικέτα πρώτοι!
|
MARC
| LEADER | 00000cam a2200000 a 4500 | ||
|---|---|---|---|
| 001 | 1/108075 | ||
| 008 | 150824s2014####gr | ||| |||| ||gre|| | ||
| 040 | |a GR-MyUa |b gre |c GR-MyUa |e AACR2 | ||
| 041 | 0 | |a gre | |
| 082 | 7 | |a 005.3 |2 (23) | |
| 100 | 1 | |a Μιχαλάκης, Δημήτρης Ι. | |
| 245 | 1 | 0 | |a Σχεδιασμός και ανάπτυξη εκπαιδευτικής εφαρμογής γεωαναζήτησης σε περιβάλλον έξυπνων κινητών συσκευών : |b μεταπτυχιακή διατριβή / |c του Δημητρίου-Ιωάννη Μιχαλάκη ; Μιχαήλ Βαϊτης, επιβλέπων καθηγητής. |
| 260 | |c 2014. | ||
| 300 | |a 203 σ. : |b εικ. ; |c 30 εκ. | ||
| 500 | |a Μέλη επιτροπής: Αικατερίνη Κλωνάρη, Αθανάσιος Κίζος. | ||
| 502 | |a Διατριβή (μεταπτυχιακή) - Πανεπιστήμιο Αιγαίου, Λέσβος, 2014. | ||
| 504 | |a Περιλαμβάνει βιβλιογραφία και παράρτημα. | ||
| 506 | 1 | |a Ηλεκτρονική διάθεση στο πλήρες κείμενο – περιορισμένης πρόσβασης ; |d Ελεύθερη διάθεση μόνο στα μέλη του Πανεπιστημίου Αιγαίου. | |
| 520 | 8 | |a Η χρήση του Παγκόσμιου Συστήματος Εντοπισμού Θέσης είχε ως αποτέλεσμα την επίδειξη ιδιαίτερου ενδιαφέροντος από τους μαθητές και την υιοθέτηση πιο εύκολα μεθόδων εξερεύνησης και προστασίας του Περιβάλλοντος. Στην παρούσα μεταπτυχιακή διατριβή αναπτύχθηκε ένα ανοικτό – δυναμικό εκπαιδευτικό παιχνίδι Γεωαναζήτησης, μιας σύγχρονης εκδοχής του κλασσικού παιχνιδιού «Το Κυνήγι του Κρυμμένου Θησαυρού», με τίτλο GeoMytilene μέσω της προγραμματιστικής πλατφόρμας Android για έξυπνες κινητές συσκευές. Όλο αυτό το εγχείρημα, πραγματώθηκε στα πλαίσια της κινητής μάθησης και ανέπτυξε και καλλιέργησε στους μαθητές το αίσθημα της Περιβαλλοντικής Συνείδησης. | |
| 630 | 0 | 0 | |a Android (Electronic resource) |
| 650 | 0 | |a Mobile geographic information systems. | |
| 650 | 0 | |a Geography |x Study and teaching |x Audio-visual aids. | |
| 700 | 1 | |a Βαΐτης, Μιχάλης, |e dgs | |
| 710 | 2 | |a Πανεπιστήμιο Αιγαίου |b Σχολή Κοινωνικών Επιστημών |b Τμήμα Γεωγραφίας |b Μεταπτυχιακό Πρόγραμμα Σπουδών Γεωγραφία και Εφαρμοσμένη Γεωπληροφορική. | |
| 852 | |a INST |b LESVOS |c DIATR |e 20150824 |h 249 |p 005100056773 |q 005100056773 |t MTXE |y 23 | ||
| 852 | |a INST |b LESVOS |c DIATR |e 20150824 |h 250 |p 005100056774 |q 005100056774 |t MTXE |y 23 | ||
| 856 | |u http://hdl.handle.net/11610/11237 | ||
| 924 | |a Μιχαλάκης |b Δημήτρης-Ιωάννης |y Λέσβος |z 2014-02 | ||
| 970 | |a Τζαφέρη |b Ευαγγελία |z 24-08-2015 | ||